| 000 | 00365nam a22001457a 4500 | ||
|---|---|---|---|
| 003 | SGT | ||
| 020 | _a9789350980101 | ||
| 082 |
_a320.954 _bI14S |
||
| 100 | _aSHARMA, RAGHAV SHARAN | ||
| 245 | _aINDIA'S WAR OF INDEPENDENCE THROUGH KISSAN DOCUMENTS | ||
| 260 |
_aINDIA _bMANOHAR PUBLISHERS _c2014 |
||
| 300 | _a441 | ||
| 650 | _aINDIAN POLITICS | ||
| 942 |
_2ddc _cBK |
||
| 999 |
_c26295 _d26295 |
||